Statistics for State Capitals Containing the Letter L

Click here to take the quiz!

General Stats

  • This quiz has been taken 125 times
  • The average score is 20 of 22

Answer Stats

Answer% Correct
Salt Lake City
98%
Honolulu
97%
Salem
97%
Tallahassee
97%
Columbus
95%
Montpelier
95%
Oklahoma City
95%
Albany
93%
Annapolis
93%
Columbia
93%
Nashville
93%
Raleigh
93%
Atlanta
92%
Helena
92%
Lansing
90%
Olympia
90%
Indianapolis
89%
Little Rock
89%
Springfield
89%
Charleston
87%
Saint Paul
87%
Lincoln
85%

Score Distribution

Percentile by Number Answered

Percent of People with Each Score

Your Score History

You have not taken this quiz